| 000 | 00540nam a22001937a 4500 | ||
|---|---|---|---|
| 003 | OSt | ||
| 005 | 20140310183014.0 | ||
| 008 | 130212t xxu||||| |||| 00| 0 eng d | ||
| 020 | _a9718590129 | ||
| 050 |
_aLB 1765.P6 _b.D84 2005 |
||
| 100 | _aDuka, Cecilio D. | ||
| 245 |
_aReviewer for the licensure examination for teachers (LET) / _cCecilio D. Duka. |
||
| 260 |
_aManila : _bManila Review Institute, _cc2007. |
||
| 300 |
_a374 p. : _bill. ; _c26 cm. |
||
| 521 | _aEDU | ||
| 562 | _e1 | ||
| 942 |
_2lcc _cBK _kLOC |
||
| 999 |
_c18281 _d18281 |
||